• Bouillet, Marie-Nicolas,

di Personal Name

Records bibliografici associati: 1

001 - CONTROL NUMBER

  • control field: 65217

003 - CONTROL NUMBER IDENTIFIER

  • control field: IT-RoINE

005 - DATE AND TIME OF LATEST TRANSACTION

  • control field: 20191210054835.0

008 - FIXED-LENGTH DATA ELEMENTS

  • fixed length control field: 191209|| aca||aabn | a|a d

040 ## - CATALOGING SOURCE

  • Original cataloging agency: IT-RoINE
  • Transcribing agency: IT-RoINE

100 1# - HEADING--PERSONAL NAME

  • Personal name: Bouillet, Marie-Nicolas,
  • Dates associated with a name: 1798-1865

400 1# - SEE FROM TRACING--PERSONAL NAME

  • Personal name: Bouillet, M.-N.,
  • Dates associated with a name: 1798-1865

400 1# - SEE FROM TRACING--PERSONAL NAME

  • Personal name: Bouillet, M. N.‏,
  • Dates associated with a name: 1798-1865

670 ## - SOURCE DATA FOUND

  • Source citation: Work cat.: (IT-RoINE)0: Bouillet, Marie-Nicolas, 1798-1865, Dictionnaire classique de l'antiquité sacrée et profane, contenant l'explication de tous les noms mythologiques, historiques, géographiques, ainsi que des noms d'usages, dignités, etc., que l'on rencontre dans la lecture des écrivains Grecs, Romains et Hébreux; avec la citation des passages originaux où ces noms se trouvent mentionnés; précédé de tables chronologiques, des fastes consulaires, de la série des archontes et des empereurs; et suivi de tableux synoptiques des poids, monnaies et mesures de toute espèce, de la série des chiffres et des calendriers des anciens par M.N. Bouillet, professeur de philosophie au Collége de Sainte-Barbe. Tome premier [-second]., 1828.